000 01000nam0a22002651 4500
001 rc\543549
005 20030616165859.7
035 _a(NLR Aleph) 005780159
090 _a5108240
_c5108240
100 _a20030616d1987 u |0rusy50 ca
101 0 _arus
102 _aRU
105 _aa |||||||||
200 1 _aЭстония
_e[Фотоальбом]
_fСъемка Ю. Венделина и др.
_gСост. В. Вельмана
_gТекст В. Томбу
_gХудож. Д. Жиров
210 _aМ.
_cПланета
_d1987
215 _a279 с.
_cв основном цв. ил.
_d33
225 1 _aСоветский Союз
702 1 _aВельман
_bВ. Н.
_gВладимир Николаевич
_4220
702 1 _aВенделин
_bЮ. М.
_gЮрий Моисеевич
_4440
702 1 _aТомбу
_bВ. Г.
_gВольдемар Густавович
_4080
801 0 _aRU
_bNLR
_gpsbo
801 1 _aRU
_bELAR
_2rusmarc
852 _aNLR
_bЭ
_jАлИр1003-16/2-16
942 _cBOOK
980 _aNB